ARRUPE JESUIT UNIVERSITY

CORONAVIRUS -STOP THE SPREAD - CLEAN,DISINFECT,COVER

Half of a yellow sun / (Record no. 131069)

MARC details
000 -LEADER
fixed length control field 00970cam a2200301 a 4500
001 - CONTROL NUMBER
control field 14983817
003 - CONTROL NUMBER IDENTIFIER
control field ARRUPE
005 - DATE AND TIME OF LATEST TRANSACTION
control field 20211102104605.0
008 - FIXED-LENGTH DATA ELEMENTS--GENERAL INFORMATION
fixed length control field 070828r20072006nyu 000 1 eng
010 ## - LIBRARY OF CONGRESS CONTROL NUMBER
LC control number 2007279788
020 ## - INTERNATIONAL STANDARD BOOK NUMBER
International Standard Book Number 9781400095209 (pbk.)
040 ## - CATALOGING SOURCE
Original cataloging agency DLC
Transcribing agency DLC
043 ## - GEOGRAPHIC AREA CODE
Geographic area code f-nr---
050 00 - LIBRARY OF CONGRESS CALL NUMBER
Classification number PR9387.9.A34354
Item number H35 2007
082 00 - DEWEY DECIMAL CLASSIFICATION NUMBER
Classification number 823/.92
Edition number 22
300 ## - PHYSICAL DESCRIPTION
Dimensions 21 cm.
100 1# - MAIN ENTRY--PERSONAL NAME
Personal name Adichie, Chimamanda Ngozi,
Dates associated with a name 1977-
245 10 - TITLE STATEMENT
Title Half of a yellow sun /
Statement of responsibility, etc Chimamanda Ngozi Adichie.
250 ## - EDITION STATEMENT
Edition statement 1st Anchor Books ed.
260 ## - PUBLICATION, DISTRIBUTION, ETC. (IMPRINT)
Place of publication, distribution, etc New York :
Name of publisher, distributor, etc Anchor Books,
Date of publication, distribution, etc 2007.
300 ## - PHYSICAL DESCRIPTION
Extent 543 p. ;
651 #0 - SUBJECT ADDED ENTRY--GEOGRAPHIC NAME
Geographic name Nigeria
General subdivision History
Chronological subdivision Civil War, 1967-1970
Form subdivision Fiction.
9 (RLIN) 50883
651 #0 - SUBJECT ADDED ENTRY--GEOGRAPHIC NAME
Geographic name Nigeria
General subdivision History
Chronological subdivision 1960-
Form subdivision Fiction.
9 (RLIN) 50884
655 #7 - INDEX TERM--GENRE/FORM
Genre/form data or focus term Historical fiction.
Source of term gsafd
655 #0 - INDEX TERM--GENRE/FORM
Genre/form data or focus term Political fiction.
9 (RLIN) 20344
906 ## - LOCAL DATA ELEMENT F, LDF (RLIN)
a 7
b cbc
c origcop
d 1
e ncip
f 20
g y-gencatlg
942 ## - ADDED ENTRY ELEMENTS (KOHA)
Source of classification or shelving scheme Library of Congress Classification
Koha item type Monograph ( Printed materials)
Holdings
Withdrawn status Lost status Source of classification or shelving scheme Damaged status Not for loan Collection code Home library Current library Shelving location Date acquired Total Checkouts Full call number Barcode Date last seen Price effective from Koha item type
    Library of Congress Classification     Main Collection ARRUPE LIBRARY ARRUPE LIBRARY Main Collection 02/11/2021   PR9387.9.A34354 H35 2007 46600007036 02/11/2021 02/11/2021 Monograph ( Printed materials)

 

Arrupe Library. PO Box MP320 Mt Pleasant, Harare, Zimbabwe
263 242 745411|librarian@aju.ac.zw